000 00387 a2200133 4500
001 91973
082 _aPR 1755
090 _c43925
_d43924
100 _aFArrukh Ali; Asad Amir Pirzada, Advisor
245 _aEvaluating the Effect of Static Channel Allocation on Routing in Mesh Networks
_n66 "B" EC
260 _aRawalpindi
_bNUST
_c2009
300 _a84p
500 _aBE Project Reports
942 _aCAE NUST
_kPR 1755
999 _c327046
_d327046